Construcción de espacios en el poemario La Quinta de los Molinos, de Nancy Morejón /
Gardado en:
| Autor Principal: | |
|---|---|
| Formato: | Libro |
| Idioma: | Spanish |
| Publicado: |
La Habana, Cuba:
Instituto Cubano del Libro,
1974-
|
| Materias: | |
| Etiquetas: |
Engadir etiqueta
Sen Etiquetas, Sexa o primeiro en etiquetar este rexistro!
|
MARC
| LEADER | 00000nam a22000007a 4500 | ||
|---|---|---|---|
| 008 | 140930s2009 cu ||||| |||| 00| b|spa d | ||
| 022 | |a 0047-1542 | ||
| 040 | |a CIICLA | ||
| 082 | |a Isla: revista | ||
| 100 | 1 | |a Santos Gallardo, Aliney | |
| 245 | 1 | 0 | |a Construcción de espacios en el poemario La Quinta de los Molinos, de Nancy Morejón / |c Aliney Santos Gallardo |
| 260 | |a La Habana, Cuba: |b Instituto Cubano del Libro, |c 1974- | ||
| 300 | |a páginas 117-128 | ||
| 600 | 1 | 4 | |a MOREJON, NANCY. |d 1944- |t LA QUINTA |x CRITICA E INTERPRETACION |
| 650 | 1 | 4 | |a LITERATURA CUBANA |v POESIA |
| 773 | 0 | |g Número 52 (165): 117-128 ; septiembre-diciembre, 2010 |q 117-128 |t Islas : revista de la Universidad Central de Las Villas, Santa Clara, Cuba. | |
| 942 | |2 ddc |c ARC | ||
| 999 | |c 3550 |d 3550 | ||
